Lahore main Islam ky Safeer : Ehd e Ghaznawi sy Qayam e Pakistan tak / (Record no. 524759)
[ view plain ]
| 000 -LEADER | |
|---|---|
| fixed length control field | 00708nam a22002057a 4500 |
| 003 - CONTROL NUMBER IDENTIFIER | |
| control field | NUST |
| 020 ## - INTERNATIONAL STANDARD BOOK NUMBER | |
| International Standard Book Number | 969-503-139-0 |
| 038 ## - RECORD CONTENT LICENSOR | |
| Staff Name | Faiza |
| 082 ## - DEWEY DECIMAL CLASSIFICATION NUMBER | |
| Classification number | 297.992549143 |
| Author Mark | NAZ |
| 100 ## - MAIN ENTRY--PERSONAL NAME | |
| Personal name | Nazami, Khaja Abid |
| 9 (RLIN) | 15552 |
| 245 ## - TITLE STATEMENT | |
| Title | Lahore main Islam ky Safeer : Ehd e Ghaznawi sy Qayam e Pakistan tak / |
| Remainder of title | Khaja Abid Nazami |
| 260 ## - PUBLICATION, DISTRIBUTION, ETC. | |
| Place of publication, distribution, etc. | Lahore : |
| Name of publisher, distributor, etc. | Al Faisal, |
| Date of publication, distribution, etc. | 2000. |
| 300 ## - PHYSICAL DESCRIPTION | |
| Extent | 336 p. ; |
| 500 ## - GENERAL NOTE | |
| General note | Hard cover. |
| 504 ## - BIBLIOGRAPHY, ETC. NOTE | |
| Bibliography, etc. note | Bibliography. |
| 880 ## - ALTERNATE GRAPHIC REPRESENTATION | |
| Linkage | 100-01\r |
| Title | خواجہ عابد نظامی |
| 880 ## - ALTERNATE GRAPHIC REPRESENTATION | |
| Linkage | 245-02\r |
| Title | لاہور میں اسلام کے سفیر : عہدغزنوی سے قیامِ پاکستان تک / |
| 880 ## - ALTERNATE GRAPHIC REPRESENTATION | |
| Linkage | 260-03\r |
| Title | لاہور : |
| b | الفیصل, |
| c | ۲۰۰۰. |
| 942 ## - ADDED ENTRY ELEMENTS (KOHA) | |
| Source of classification or shelving scheme | |
| Koha item type | Book |
| Withdrawn status | Lost status | Source of classification or shelving scheme | Damaged status | Not for loan | Permanent Location | Current Location | Date acquired | Total Checkouts | Full call number | Barcode | Date last seen | Price effective from | Koha item type |
|---|---|---|---|---|---|---|---|---|---|---|---|---|---|
| Central Library (CL) | Central Library (CL) | 06/25/2019 | 297.992549143 NAZ | CL-E-1491 | 06/25/2019 | 06/25/2019 | Book |
